000 00681nam a22002417a 4500
003 BPGM
005 20260624193842.0
008 260624b mx ||||| |||| 00| 0 spa d
020 _a978-968-9350-12-5
040 _aBPGM
_bspa
041 _aspa
_hspa
082 0 4 _aCQ / 861M /
_bR823 / C52 /
100 _aRUIZ DURAN, ADRIANA
245 _aMIRA LA FLOR, QUE BELLA
300 _a52 páginas
_c22.2 cm x 10.2 cm
336 _2rdacontent
_atexto
_btxt
337 _2rdamedia
_asin mediación
_bn
338 _2rdacarrier
_avolumen
_bnc
650 _aLITERATURA Y RETORICA
650 _aLITERATURAS ESPAÑOLAS Y PORTUGUESA
650 _aPOESIA ESPAÑOLA
942 _2ddc
_cCOLQ
999 _c68660
_d68660